Úroveň zručností v práci s informačno-komunikačnými technológiami

Digitálna gramotnosť a znalostná spoločnosť. Systém ukazovateľov merania informačnej spoločnosti. Aktuálny stav rozvoja znalostnej spoločnosti. Úroveň digitálnych zručností v Európe a na Slovensku. Úroveň digitálnych zručností študentov Fakulty podnikového manažmentu. Požiadavky digitálneho pracovné...

Description complète

Enregistré dans:
Détails bibliographiques
Auteur principal: Kokles, Mojmír
Autres auteurs: Romanová, Anita, 1973-, Hamranová, Anna, 1957-
Format: Chapitre de livre
Langue:slovaque
Sujets:
Tags: Ajouter un tag
Pas de tags, Soyez le premier à ajouter un tag!

MARC

LEADER 00000nla a2200000 4500
001 0166752
005 20240502072914.8
041 0 |a slo 
044 |a SK 
245 1 0 |a Úroveň zručností v práci s informačno-komunikačnými technológiami  |c Mojmír Kokles, Anita Romanová, Anna Hamranová 
520 |a Digitálna gramotnosť a znalostná spoločnosť. Systém ukazovateľov merania informačnej spoločnosti. Aktuálny stav rozvoja znalostnej spoločnosti. Úroveň digitálnych zručností v Európe a na Slovensku. Úroveň digitálnych zručností študentov Fakulty podnikového manažmentu. Požiadavky digitálneho pracovného trhu vo vzťahu k vzdelávacím systémom. 
610 2 0 |a gramotnosť informačná 
610 2 0 |a spoločnosť vedomostná 
610 2 0 |a vzdelávanie 
610 2 0 |a vzdelanie 
610 2 0 |a technológie informačné 
610 2 0 |a technológie komunikačné 
610 2 0 |a trh práce 
610 2 0 |a prieskum 
610 2 0 |a Slovensko 
610 2 0 |a Európa 
100 1 |a Kokles, Mojmír 
700 1 |a Romanová, Anita, 1973- 
700 1 |a Hamranová, Anna, 1957-